00767nam a2200217 i 4500001000700000003000900007005001700016007000300033008004100036080001200077100003100089245007900120260004700199300002200246490001700268650003200285830002500317852006600342999001900408952012200427125535ES-MaACL20230906192641.0t|070618s1970 fr |||| | fre d a16(091)1 aBlanché, Robert.914114813aLa logique et son histoire b: d'Aristote á Russel / cRobert Blanché. aParis : bLibrairie Armand Colin, c[1970] a366 p. ; c24 cm.1 aCollection U 4aLógica-xHistoria.9146950 aCollection U9186648 aES-MaACLjE-11706 z. - Biblioteca Jacinto Martínez Lacalle c125535d125535 00104070aATENEOMbATENEOMcDEPO2d2008-01-17eSCl0oE-11706p1130774r2023-02-23 00:00:00w2023-02-23yMONOGRAFIA